Normal view MARC view
  • Shakespear, John

Entry Personal Name

Number of records used in: 1

001 - CONTROL NUMBER

  • control field: 88797

003 - CONTROL NUMBER IDENTIFIER

  • control field: NUST

005 - DATE AND TIME OF LATEST TRANSACTION

  • control field: 20220204142559.0

008 - FIXED-LENGTH DATA ELEMENTS

  • fixed length control field: 220204|| aca||aabn | a|a d

040 ## - CATALOGING SOURCE

  • Original cataloging agency: NUST
  • Transcribing agency: NUST

100 ## - HEADING--PERSONAL NAME

  • Personal name: Shakespear, John

670 ## - SOURCE DATA FOUND

  • Source citation: Work cat.: (NUST)587672: Shakespear, John, John Shakespear's Dictionary Urdu-English and English-Urdu, 2002.
© 2023 Central Library, National University of Sciences and Technology. All Rights Reserved.